Statistics for Minor Caribbean Islands

Click here to take the quiz!

General Stats

  • This quiz has been taken 14 times
  • The average score is 3 of 8

Answer Stats

HintAnswer% Correct
TortolaBritish Virgin Islands
70%
New ProvidenceBahamas
60%
Marie GalanteGuadeloupe
60%
Saly CayTurks and Caicos
40%
TortugaHaiti
20%
Catalina IslandDominican Republic
10%
MustiqueSt Vincent and the Grenadines
10%
SabaCaribbean Netherlands
0%

Score Distribution

Percentile by Number Answered

Percent of People with Each Score

Your Score History

You have not taken this quiz